[Event "GER-chT U16 Girls"]
[Site "Magdeburg"]
[Date "2023.12.27"]
[Round "2.3"]
[White "Wartenberg, Alissa"]
[Black "Prokscha, Charlotte"]
[Result "1-0"]
[WhiteElo "1721"]
[BlackElo "1341"]
[PlyCount "67"]
[EventDate "2023.12.26"]
[EventType "team-swiss"]
[EventRounds "7"]
[EventCountry "GER"]
[SourceTitle "CB03_2024"]
[SourceDate "2024.01.17"]
[SourceVersion "1"]
[SourceVersionDate "2024.01.17"]
[SourceQuality "1"]
[WhiteTeam "Hamburger SK"]
[BlackTeam "Garching"]
[WhiteTeamCountry "GER"]
[BlackTeamCountry "GER"]

1. e4 c5 2. Nf3 Nc6 3. d4 cxd4 4. Nxd4 e5 5. Nb5 d6 6. N1c3 a6 7. Na3 Be7 8. Be2 Nf6 9. Bg5 Nd4 10. Bxf6 Bxf6 11. Nd5 b5 12. c3 Nxe2 13. Qxe2 Bd7 14. Nc2 0-0 15. Nce3 Be6 16. Rd1 Bg5 17. 0-0 Rc8 18. Qf3 Bxe3 19. Qxe3 Bxd5 20. Rxd5 Rc6 21. Rfd1 Qe7 22. R1d3 h6 23. Qd2 Rd8 24. Rg3 Kh8 25. Qe2 Qf6 26. Rdd3 Rg8 27. Qh5 Qe6 28. a3 Rc7 29. Qh4 Kh7 30. Rh3 Qa2 31. g4 Qe6 32. g5 Rcc8 33. Rdf3 Rcf8 34. Rf6 1-0

[Event "Fuerstenfeld U18 op 6th"]
[Site "Fuerstenfeld"]
[Date "2023.07.23"]
[Round "6"]
[White "Prokscha, Charlotte"]
[Black "Veladzic, Benjamin"]
[Result "0-1"]
[WhiteElo "1306"]
[BlackElo "1519"]
[PlyCount "126"]
[EventDate "2023.07.20"]
[EventType "swiss"]
[EventRounds "7"]
[EventCountry "AUT"]
[SourceTitle "CBM 215 Extra"]
[Source "ChessBase"]
[SourceDate "2023.09.30"]
[SourceVersion "1"]
[SourceVersionDate "2023.09.30"]
[SourceQuality "1"]

1. d4 d5 2. c4 e6 3. Nc3 Nf6 4. Nf3 Nc6 5. e3 Bb4 6. Bd2 0-0 7. a3 Bxc3 8. Bxc3 Ne4 9. Qc2 h6 10. Bd3 Nxc3 11. Qxc3 Ne7 12. 0-0 c6 13. cxd5 cxd5 14. Ne5 Bd7 15. Rac1 Nc6 16. Nxd7 Qxd7 17. h3 Rac8 18. Qd2 Rc7 19. Rc2 Rfc8 20. Rfc1 Ne7 21. Rxc7 Rxc7 22. Kf1 Kf8 23. Rc2 b6 24. Qc1 Rxc2 25. Qxc2 Qc6 26. Ke2 Qxc2+ 27. Bxc2 Nc6 28. Bb3 Na5 29. Ba2 b5 30. Kd2 a6 31. Kc3 Nc6 32. Bb1 Ke7 33. Bc2 g6 34. b4 Kd6 35. h4 h5 36. f4 Ne7 37. e4 dxe4 38. Bxe4 Nd5+ 39. Bxd5 Kxd5 40. Kd3 f6 41. g3 f5 42. Kc3 Ke4 43. a4 Kf3 44. a5 Kxg3 45. d5 exd5 46. Kd4 Kxf4 47. Kxd5 Kg3 48. Kc6 f4 49. Kb6 f3 50. Kxa6 f2 51. Kb6 f1Q 52. a6 Kxh4 53. a7 Qf2+ 54. Kb7 g5 55. a8Q Qf3+ 56. Ka7 Qxa8+ 57. Kxa8 g4 58. Kb7 g3 59. Kb6 g2 60. Kxb5 g1Q 61. Ka5 Qa7+ 62. Kb5 Qb7+ 63. Ka5 Qxb4+ 0-1

[Event "Fuerstenfeld U18 op 6th"]
[Site "Fuerstenfeld"]
[Date "2023.07.21"]
[Round "2"]
[White "Prokscha, Charlotte"]
[Black "Marinovic, Sara"]
[Result "1/2-1/2"]
[WhiteElo "1306"]
[BlackElo "1576"]
[PlyCount "57"]
[EventDate "2023.07.20"]
[EventType "swiss"]
[EventRounds "7"]
[EventCountry "AUT"]
[SourceTitle "CBM 215 Extra"]
[Source "ChessBase"]
[SourceDate "2023.09.30"]
[SourceVersion "1"]
[SourceVersionDate "2023.09.30"]
[SourceQuality "1"]

1. d4 d5 2. Bf4 c5 3. e3 cxd4 4. exd4 Bf5 5. Nf3 Nc6 6. c3 e6 7. Bd3 Bxd3 8. Qxd3 Bd6 9. Bxd6 Qxd6 10. 0-0 Nge7 11. Re1 0-0 12. Nbd2 f6 13. Rad1 e5 14. dxe5 fxe5 15. Nc4 Qf6 16. Ncxe5 Nxe5 17. Rxe5 Ng6 18. Qxd5+ Kh8 19. Re6 Qf4 20. Re4 Qc7 21. Ree1 Nf4 22. Qd7 Qb6 23. Qd2 Qg6 24. g3 Qg4 25. Re3 Nh3+ 26. Kg2 Nf4+ 27. Kg1 Nh3+ 28. Kg2 Nf4+ 29. Kg1 1/2-1/2

[Event "GER-ch U25-B"]
[Site "Willingen"]
[Date "2023.05.31"]
[Round "6"]
[White "Kutz, Paul Matti"]
[Black "Prokscha, Charlotte"]
[Result "1/2-1/2"]
[WhiteElo "1537"]
[BlackElo "1367"]
[PlyCount "88"]
[EventDate "2023.05.27"]
[EventType "swiss"]
[EventRounds "9"]
[EventCountry "GER"]
[SourceTitle "CBM 214 Extra"]
[Source "ChessBase"]
[SourceDate "2023.07.31"]
[SourceVersion "1"]
[SourceVersionDate "2023.07.31"]
[SourceQuality "1"]

1. e4 c5 2. Nf3 e6 3. d4 cxd4 4. Nxd4 Nc6 5. Bf4 Nf6 6. Nb5 e5 7. Bg5 h6 8. Bxf6 gxf6 9. N1c3 a6 10. Nd6+ Bxd6 11. Qxd6 Qe7 12. Qxe7+ Nxe7 13. Rd1 b5 14. Rd6 f5 15. Bd3 f4 16. 0-0 h5 17. Nd5 Nxd5 18. exd5 Ke7 19. Rb6 d6 20. Re1 f3 21. g3 f5 22. c4 bxc4 23. Bxc4 f4 24. gxf4 Rg8+ 25. Kh1 Bh3 26. Bf1 Bg2+ 27. Bxg2 Rxg2 28. fxe5 Rxf2 29. exd6+ Kd7 30. Rc6 Re8 31. Kg1 Rg2+ 32. Kf1 Rxe1+ 33. Kxe1 Rxh2 34. Rxa6 Rxb2 35. a4 h4 36. Ra7+ Kxd6 37. Rh7 Kxd5 38. Rxh4 Ra2 39. a5 Kc6 40. Rf4 Rxa5 41. Rxf3 Ra2 42. Rf6+ Kd5 43. Rf8 Ke4 44. Re8+ Kf3 1/2-1/2

[Event "GER-ch U25-B"]
[Site "Willingen"]
[Date "2023.05.30"]
[Round "4"]
[White "Brandt, Greta"]
[Black "Prokscha, Charlotte"]
[Result "1-0"]
[WhiteElo "1444"]
[BlackElo "1367"]
[PlyCount "81"]
[EventDate "2023.05.27"]
[EventType "swiss"]
[EventRounds "9"]
[EventCountry "GER"]
[SourceTitle "CBM 214 Extra"]
[Source "ChessBase"]
[SourceDate "2023.07.31"]
[SourceVersion "1"]
[SourceVersionDate "2023.07.31"]
[SourceQuality "1"]

1. Nf3 d5 2. g3 c5 3. Bg2 Bf5 4. 0-0 Nc6 5. d4 e6 6. c4 Nf6 7. Nc3 dxc4 8. Qa4 Qd7 9. dxc5 Bxc5 10. Qxc4 Be7 11. Rd1 Qc8 12. Bf4 0-0 13. a3 a6 14. Rac1 Na5 15. Qa2 Qc4 16. Ne5 Qxa2 17. Nxa2 Be4 18. Bxe4 Nxe4 19. b4 Nc6 20. Nxc6 bxc6 21. Rxc6 a5 22. Rd7 Bd8 23. b5 Nf6 24. Rd3 Nd5 25. Bd6 Re8 26. e4 Ne7 27. Rc1 Bb6 28. Bc7 Bxc7 29. Rxc7 Rac8 30. Rdd7 Kf8 31. b6 Rxc7 32. Rxc7 Rb8 33. b7 Ke8 34. Nc3 Kd8 35. Nb5 g5 36. g4 f6 37. Kf1 h6 38. Ke2 Ng6 39. Rh7 Nf4+ 40. Kd2 Nh3 41. Rh8+ 1-0

[Event "GER-ch U25-B"]
[Site "Willingen"]
[Date "2023.05.29"]
[Round "3"]
[White "Prokscha, Charlotte"]
[Black "Direk, Oguzhan"]
[Result "0-1"]
[WhiteElo "1367"]
[BlackElo "1553"]
[PlyCount "60"]
[EventDate "2023.05.27"]
[EventType "swiss"]
[EventRounds "9"]
[EventCountry "GER"]
[SourceTitle "CBM 214 Extra"]
[Source "ChessBase"]
[SourceDate "2023.07.31"]
[SourceVersion "1"]
[SourceVersionDate "2023.07.31"]
[SourceQuality "1"]

1. d4 d5 2. c4 e6 3. Bf4 c6 4. e3 Bd6 5. Bg3 f5 6. Nf3 Bxg3 7. hxg3 Nf6 8. Nc3 0-0 9. Bd3 Nbd7 10. cxd5 Nxd5 11. Qb3 Qb6 12. Nxd5 exd5 13. Qc2 Qb4+ 14. Ke2 Nf6 15. b3 Ne4 16. Rac1 a5 17. Ne5 a4 18. Rh4 axb3 19. axb3 Ra3 20. Bxe4 fxe4 21. Rch1 Qb5+ 22. Nc4 dxc4 23. bxc4 Qa5 24. Rb1 Ra2 25. Rb2 Rxb2 26. Qxb2 Be6 27. c5 Bc4+ 28. Kd1 Rxf2 29. Qxf2 Qa1+ 30. Kd2 Qb2+ 0-1

[Event "GER-ch U25-B"]
[Site "Willingen"]
[Date "2023.05.28"]
[Round "2"]
[White "Derhay, Davyd"]
[Black "Prokscha, Charlotte"]
[Result "1-0"]
[WhiteElo "1376"]
[BlackElo "1367"]
[PlyCount "91"]
[EventDate "2023.05.27"]
[EventType "swiss"]
[EventRounds "9"]
[EventCountry "GER"]
[SourceTitle "CBM 214 Extra"]
[Source "ChessBase"]
[SourceDate "2023.07.31"]
[SourceVersion "1"]
[SourceVersionDate "2023.07.31"]
[SourceQuality "1"]

1. e4 c5 2. Nf3 e6 3. d4 cxd4 4. Nxd4 Nc6 5. c4 g6 6. Be3 Bg7 7. Nc3 Nge7 8. Be2 0-0 9. 0-0 d5 10. exd5 exd5 11. c5 Nf5 12. Nxf5 Bxf5 13. Qxd5 Qxd5 14. Nxd5 Bxb2 15. Rad1 Rac8 16. Bf3 Bg7 17. Bf4 Kh8 18. Bd6 Rfe8 19. Nc7 Red8 20. g4 Bc2 21. Rd2 Ba4 22. Bd5 Kg8 23. Rc1 Bh6 24. f4 Bf8 25. Rc4 Bb5 26. Nxb5 a6 27. Nc7 Bxd6 28. cxd6 Rxd6 29. Bxf7+ Kxf7 30. Rxd6 Rxc7 31. f5 gxf5 32. gxf5 Re7 33. Rc2 Ne5 34. Rf2 Ng4 35. Rf4 h5 36. f6 Re1+ 37. Kg2 Re2+ 38. Kg3 Ne5 39. Rb6 Rxa2 40. Rxb7+ Kg6 41. f7 Nxf7 42. Rbxf7 Ra3+ 43. Kh4 Ra4 44. R7f6+ Kg7 45. Rxa4 Kxf6 46. Rxa6+ 1-0

[Event "GER-chT U12 Girls"]
[Site "Berlin"]
[Date "2022.12.27"]
[Round "2"]
[White "Prokscha, Charlotte"]
[Black "Mehner, Clara"]
[Result "1-0"]
[WhiteElo "1430"]
[BlackElo "1200"]
[PlyCount "84"]
[EventDate "2022.12.26"]
[EventType "team-swiss"]
[EventRounds "7"]
[EventCountry "GER"]
[SourceTitle "CBM 212 Extra"]
[Source "ChessBase"]
[SourceDate "2023.03.31"]
[SourceVersion "1"]
[SourceVersionDate "2023.03.31"]
[SourceQuality "1"]
[WhiteTeam "Garching"]
[BlackTeam "Chemnitz USG"]
[WhiteTeamCountry "GER"]
[BlackTeamCountry "GER"]

1. d4 d5 2. Bf4 Bf5 3. e3 e6 4. Nf3 c5 5. c3 Nc6 6. Be2 Nf6 7. Ne5 Qb6 8. Qb3 Qxb3 9. axb3 Bc2 10. Bb5 Rc8 11. Nd2 a6 12. Bxc6+ bxc6 13. Rxa6 cxd4 14. exd4 Bd6 15. b4 0-0 16. Bg3 Bxe5 17. Bxe5 Ng4 18. Nf3 Be4 19. Ke2 f6 20. Bf4 e5 21. dxe5 fxe5 22. Bg3 Bxf3+ 23. gxf3 Nf6 24. Rg1 Kh8 25. Bxe5 Rfe8 26. f4 Re7 27. Kd3 Nd7 28. Bd4 Rf7 29. Ra7 c5 30. bxc5 Ne5+ 31. fxe5 Rxa7 32. f4 Rf8 33. Be3 Ra2 34. Rg2 Kg8 35. Kd4 Rd8 36. e6 Ra4+ 37. b4 Ra7 38. f5 h5 39. f6 Kh8 40. f7 Rc7 41. Bf4 Rb7 42. Be5 Kh7 1-0